000 02696cam a22003618i 4500
999 _c18933
_d18933
001 22783498
005 20240206095940.0
008 220908s2023 nju b 001 0 eng
010 _a 2022043325
020 _a9781119709855
020 _z9781119709862
020 _z9781119709886
040 _aDLC
_beng
_erda
_cDLC
042 _apcc
050 0 0 _aP325
_b.S2 2023
082 0 0 _aDC 401.43
_22023
_bSa163
100 1 _aSaeed, John I.,
_eauthor.
_951505
245 1 0 _aSemantics /
_cJohn I Saeed.
250 _aFifth edition.
260 _aHoboken, NJ :
_bWILEY-Blackwell,
_c©2023.
263 _a2212
300 _axviii, 568 pages ;
_c26 cm.
490 0 _aIntroducing linguistics
500 _aIncludes bibliographical references and index.
505 2 _a"Preliminaries. Semantics in linguistics -- Meaning, thought, and reality -- Semantic description. Word meaning -- Sentence relations and truth -- Sentence semantics 1: situations -- Sentence semantics 2: participants -- Meaning and context -- Theoretical approaches. Meaning components -- Formal semantics -- Cognitive semantics -- Inferential pragmatics."
520 _a"This fifth edition of Semantics has been thoroughly revised and updated to reflect the most recent theoretical developments in the field of linguistic semantics. Divided into three parts, Semantics provides and engaging introduction to the field for students new to the field by establishing the place of semantics within linguistics, introducing key topics in the description of word and sentence meaning, and reviewing the main current theoretical approaches to semantics. A significant update to this edition is an entirely new chapter introducing the incursion of pragmatics into traditional areas of semantics including that of Recanati, Relevance Theory and truth-conditional meaning. This new chapter will offer students a clear understanding of the overlap between the subdisciplines. Key pedagogical features through every chapter will be updated such as the exercises with solutions which are designed to further knowledge of linguistic concepts, and a helpful glossary of technical terminology will remain. Semantics, 5th Edition, continues to set the standard as the most invaluable and accessible introduction to the field of contemporary linguistic semantics available today"--
650 0 _aSemantics.
_949015
776 0 8 _iOnline version:
_aSaeed, John I.
_tSemantics
_bFifth edition.
_dHoboken : Wiley, 2022
_z9781119709862
_w(DLC) 2022043326
365 _b5,044.00
_cPhp
906 _a7
_bcbc
_corignew
_d1
_eecip
_f20
_gy-gencatlg
942 _2ddc
_cDC